Точка. Нов ред (Запис номер 187711)
[ съкратено ]
| 000 -Лидер | |
|---|---|
| Контролно поле с фиксирана дължина | 01243nam a2200337 c 4500 |
| 003 - Код на организацията, давaща контролен номер | |
| Контролно поле | BLK |
| 005 - Дата и час на последна редакция | |
| Контролно поле | 20230327150517.0 |
| 008 - Елементи от данни с фиксирана дължина | |
| fixed length control field | 180411b bul|||||r ||||||| ||bul|| |
| 010 ## - Наследен системен номер | |
| LC control number | KNG00196728000 |
| 020 ## - Международен стандартен номер на книга ISBN | |
| Международен стандартен номер на книга ISBN | 978-954-26-1652-8 |
| 040 ## - Източник на каталожния запис | |
| Идентификатор на билиотеката - собственик на записа | BLK |
| 041 ## - Код за език | |
| Код за езика на текст/звукозапис или на отделно заглавие | Български |
| Код за езика КДБФ | Български |
| 072 #7 - Код за тематичната категория | |
| Код организация | bullib |
| Код за тематична категория | Н8400 |
| Текст | Българска поезия Н |
| 072 #7 - Код за тематичната категория | |
| Код организация | bullib |
| Код за тематична категория | РА |
| Текст | Русенски автори |
| 080 ## - УДК | |
| Текстов определител УДК | Българска литература |
| УДК код - определител по УДК | 821.163.2 |
| УДК определител | -1 |
| УДК - код + определител | 821.163.2-1 |
| 100 1# - Редна дума - Автор | |
| Автор | Пигулева, Нели Димитрова |
| Дати, свързани с автора | 1957- |
| R(LIN) | 373978 |
| 139 ## - Редно поле | |
| Редна дума | Пигулева, Нели Димитрова |
| Авторски знак | Пи - П 51 |
| 245 10 - Сведения за заглавието | |
| Заглавие | Точка. Нов ред |
| Подзаглавни данни | Стихове |
| Редно поле (дума) | Нели Димитрова Пигулева. |
| 257 ## - Страна на издаване | |
| Страна на създаване/издаване | България |
| 260 ## - Област на издателските данни | |
| Име на издателя, разпространителя и проч. | Хермес |
| Година на издаване | 2016 |
| Печатница | София : Алианс принт |
| 300 ## - Физическа характеристика | |
| Страници | 80 с. |
| Размери/Мащаб | 21 см |
| 380 ## - Жанр | |
| Жанр | Худож. лит. |
| 500 ## - Общи забележки | |
| Забележка | Съдържа и за авт. |
| 653 ## - Ключова дума – ненормативна | |
| Ключова дума | стихотворения |
| 659 ## - Тематичен бюлетин | |
| Тематичен бюлетин | Н |
| 852 ## - Местоположение | |
| Форматна сигнатура | Цб 283294 |
| 852 ## - Местоположение | |
| Форматна сигнатура | К 821.163.2/П 51 Н |
| 856 4# - Електронен адрес и достъп | |
| Електронен формат | pdf - файл |
| 856 4# - Електронен адрес и достъп | |
| Електронен формат | pdf - файл |
| 999 ## - СИСТЕМНИ КОНТРОЛНИ НОМЕРА | |
| Koha biblionumber | 187711 |
| Koha biblioitemnumber | 187711 |
| 942 ## - АРТИКУЛИ | |
| Вид на библиотечния материал | Книги |
| Скрит в OPAC | Не |
| Koha issues (borrowed), all copies | 2 |
| Периодичен библиозапис | Да |
| 944 ## - СЪЗДАВАНЕ И РЕДАКЦИЯ на ЗАПИСА | |
| Създаване/Редакция | Създаване |
| Дата на регистрацията/редакция | 23.11.2016 |
| Статус, дата на статуса | ф / |
| Служител, извършил регистрацията/редакцията | Виолета_Тройчева |
| 944 ## - СЪЗДАВАНЕ И РЕДАКЦИЯ на ЗАПИСА | |
| Създаване/Редакция | Редакция |
| Дата на регистрацията/редакция | 20.06.2017 |
| Статус, дата на статуса | ф / |
| Служител, извършил регистрацията/редакцията | Пенка_Димитрова |
| 999 ## - СИСТЕМНИ КОНТРОЛНИ НОМЕРА | |
| Koha biblioitemnumber | 187711 |
| Код за отписване | Код за изгубен артикул | Код за повреда | Коз за рестрикции | Код за отдаване | Артикулен № | Име на библиотеката - собственик | Име на библиотеката, в която се намира в момента | Статус (Текущо местоположение) | Дата на вписване в системата | Местоположение - отдел | Цена в лева | Инвентарен номер | Систематично азбучна сигнатура | Баркод | Номер на екземпляра | Цена в евро | Служебна бележка | Служебен тип на артикула | Източник на класификационната схема |
|---|---|---|---|---|---|---|---|---|---|---|---|---|---|---|---|---|---|---|---|
| Не е изгубен | Не е повреден | без рестрикции | заемане за дома | 328051 | Регионална библиотека "Любен Каравелов" Русе | Регионална библиотека "Любен Каравелов" Русе | Заемна - подръчен фонд | 2016-11-25 | Заемна - подръчен фонд | 7.46 | 120000806026 | П 886.7-1/П 51 | 120000806026 | 1 | 3.81 | Дост: Pk Вид: Ф N: 752 Дата: 18.11.2016 Дата инв: 14.02.2018 Бележки инв: П2018 | Книги | ||
| Не е изгубен | Не е повреден | без рестрикции | ползва се в читалня | 328052 | Регионална библиотека "Любен Каравелов" Русе | Регионална библиотека "Любен Каравелов" Русе | Краезнание | 2016-11-25 | Краезнание | 7.46 | 120000806027 | К 821.163.2/П 51 Н | 120000806027 | 2 | 3.81 | Дост: Pk Вид: Ф N: 752 Дата: 18.11.2016 Дата инв: 07.11.2017 Бележки инв: К2017 | Книги | Universal Decimal Classification | |
| Не е изгубен | Не е повреден | без рестрикции | ползва се в читалня | 328053 | Регионална библиотека "Любен Каравелов" Русе | Регионална библиотека "Любен Каравелов" Русе | Хранилище | 2017-06-19 | Хранилище | 9.95 | 120000812391 | Цб 283294 | 120000812391 | 3 | 5.09 | Дост: Dp Вид: Д N: 21 Дата: 25.04.2017 | Книги |